| 000 | 00693nam a22001937a 4500 | ||
|---|---|---|---|
| 005 | 20221229110324.0 | ||
| 008 | 221229b |||||||| |||| 00| 0 eng d | ||
| 020 | _a9781452274614 | ||
| 040 |
_aKMU _cKMU |
||
| 050 | _aH 62 Cre 2014 | ||
| 100 | _aCreswell John W. | ||
| 245 |
_aResearch design : _bQualitative, Quantitative, and Mixed Methods Approaches. _cby John W. Creswell. |
||
| 250 |
_a4th ed. _bInternational student edition |
||
| 260 |
_aCalifornia, Thosand Oaks ; _bSAGE , _c2014 . |
||
| 300 |
_axxix,273 pages : _bIllustration ; _c25 cm. |
||
| 500 | _aIncludes a bibliographic reference and an index | ||
| 650 |
_2Oclc _aSocial sciences-Research-Methodology |
||
| 942 |
_2lcc _cBK _e4th ed. _n0 |
||
| 999 |
_c28 _d28 |
||